000 00938nmm a2200289 a 4500
001 ocm0001061919
003 TR-IsHL
005 20201028151146.0
008 150709s2005 tu tur
007 cr cn
020 _a9789758875238
035 _a1061919
_b(N$T)
050 0 4 _aKKX4604.3.A52
_bY87 2005
090 0 4 _aKKX4604.3.A52
_bY87 2005
100 1 _aYurtcan, Erdener
245 1 0 _aYeni ceza muhakemesi kanunu ve yorumu
_h[electronic resource] /
_cErdener Yurtcan
260 _aİstanbul :
_bErdener Yurtcan Kitaplığı,
_c2005
300 _a900 p.
650 4 _aHukuk
650 4 _aLaw
650 0 _aCriminal procedure
_x Turkey
650 0 _aCriminal law
_x Turkey
650 0 _aCeza yargılaması
_x Türkiye
650 0 _aCeza hukuku
_x Türkiye
650 7 _aLAW / Criminal Law / General
_2bisacsh
856 4 0 _uhttp://search.ebscohost.com/login.aspx?direct=true&scope=site&db=e011xww&AN=1061919
999 _c10863
_d10863